00577nam a22001697a 450000500170000001000170001702000270003403500170006103700190007808200100009724501150010726000420022227000560026430000200032070000320034070000350037220240103114030.0 aB-756789-794 a9789392594441c1100.00 aB-756789-794 aSunnvik Books  a025.1 aLibrary Management During Pandemic :bIssue and Challenges cEdi. by Md. Alamgir khan and Shamim Aktar Munshi  aNew Delhi bEss Ess Publicationc2022 a4831/24, Ansari Road, DaryaganjbNew Delhi e110002 a269p.c22cm(Hb) aKhan, Md. Alamgir eEditor  aMunshi, Shamim Aktar eEditor